Ben 10 Aliens by Picture Quiz Stats

Quiz Updated Oct 11, 2017

Challenge
Share
Tweet
Score 0/60 Timer 08:00
11 Plays Today
Alien % Correct
Fourarms
85.8%
Ben Tennyson
80.7%
Diamondhead
79.4%
Heatblast
78.6%
Grey Matter
72%
XLR8
71.3%
Wildmutt
68.7%
Spidermonkey
67.6%
Upgrade
67.5%
Stinkfly
66.7%
Way Big
65.5%
Ghostfreak
65%
Ripjaws
64.1%
Cannonbolt
63.7%
Echo Echo
63.3%
Alien X
62.2%
Goop
62.2%
Blitzwolfer
60.4%
Jetray
59.5%
Upchuck
59.1%
Ditto
58.8%
Big Chill
58.5%
Swampfire
58.4%
Wildvine
55.5%
Rath
55.3%
Eye Guy
53.7%
Brainstorm
50.9%
Snare-oh
47.9%
NRG
46%
Chromastone
43.2%
Alien % Correct
Feedback
40.9%
Water Hazard
40.2%
Terraspin
39.7%
Frankenstrike
39.5%
Bloxx
39%
Clockwork
37.6%
Fasttrack
36.6%
Humungousaur
35.7%
Lodestar
33.7%
Articguana
33.3%
Spitter
33.2%
Armodrillo
32.1%
Nanomech
32.1%
Buzzshock
31.8%
Eatle
29.4%
Shocksquatch
28.8%
Crashhopper
28.6%
Gravattack
28.4%
The Worst
26.9%
Kickin Hawk
26.1%
Jury Rigg
26%
Toepick
24.4%
ChamAlien
23.8%
Ball Weevil
23.7%
Bullfrag
23.6%
Ampfibian
21.9%
Pesky Dust
21.5%
Molestache
19.3%
Astrodactyl
18.6%
Walkatrout
18.5%

You're not logged in!

Compare scores with friends on all Sporcle quizzes.
Sign Up with Email
OR
Log In

You Might Also Like...

Show Comments

Extras

Top Quizzes Today


Score Distribution

Your Account Isn't Verified!

In order to create a playlist on Sporcle, you need to verify the email address you used during registration. Go to your Sporcle Settings to finish the process.